banner-ar

جلال الدين السيوطى : مسيرته العلمية ومباحثاته اللغوية / (Record no. 35555)

MARC details
000 -الفاتح
حقل البيانات ثابتة الطول 00865nam a2200229Ia 4500
005 - وقت وتاريخ اخر تعامل مع التسجيلة
رقم الضبط 20240530102937.0
008 - عناصر البيانات ثابتة الطول - معلومات عامة
حقل البيانات ثابتة الطول 140319s1994 xx 000 0 ara d
040 ## - مصدر الفهرسة
وكالة الفهرسة الأصلية GCL /
وكالة النسخ GCL
082 04 - رقم تصنيف ديوى العشرى
رقم التصنيف 410 /
رقم المادة م ج
100 ## - المدخل الرئيسى - إسم شخصى
الإسم الشخصى مصطفى الشكعة
245 10 - بيان العنوان
العنوان جلال الدين السيوطى : مسيرته العلمية ومباحثاته اللغوية /
بيان المسئوليه,etc مصطفى الشكعة
250 ## - بيان الطبعة
بيان الطبعة الاولى
260 ## - PUBLICATION, DISTRIBUTION, ETC. (IMPRINT)
تاريخ النشر أو التوزيع 1994
300 ## - الوصف المادى
التعداد 350ص؛
أبعاد الوعاء 24 سم
490 ## - بيان السلسلة
عنوان السلسلة موسوعة الدراسات السيوطية
رقم المجلد/ التعيين التسلسلي ( 1 )
650 07 - المدخل الاضافى بالموضوع-مصطلح موضوعى
مصطلح موضوعي جلال الدين السيوطى
650 07 - المدخل الاضافى بالموضوع-مصطلح موضوعى
مصطلح موضوعي اللغة العربية
650 07 - المدخل الاضافى بالموضوع-مصطلح موضوعى
مصطلح موضوعي الخلفاء العباسين
650 07 - المدخل الاضافى بالموضوع-مصطلح موضوعى
مصطلح موضوعي المباحث اللغوية
942 ## - عناصر المدخل الإضافي( كوها)
مصدر التصنيف او مخطط الترفيف Dewey Decimal Classification
Koha [default] item type كتاب
260 ## - PUBLICATION, DISTRIBUTION, ETC. (IMPRINT)
-- القاهرة :
-- الدار المصرية اللبنانية،
Holdings
حالة التراجع حالة الفقد حالة تلف ليس للاعارة المكان المؤقت الموقع الحالى تاريخ الاكتساب اجمالي اﻻعارات رقم الطلب الباركود تاريخ اخر مشاهدة تاريخ تفعيل السعر نوع وعاء كوها
        مكتبة القاهرة الكبرى مكتبة القاهرة الكبرى 03/26/2014   410\م ج 86642 03/26/2014 03/26/2014 كتاب
        مكتبة القاهرة الكبرى مكتبة القاهرة الكبرى 03/26/2014   410\م ج 86643 03/26/2014 03/26/2014 كتاب

Powered By

EGPV